|
|
|
|
| LEADER |
01607nam a2200385 a 4500 |
| 001 |
000689977 |
| 003 |
CZ BrMZK |
| 005 |
20090911142211.0 |
| 007 |
ta |
| 008 |
030929s2003 xr a e p 000 0 cze d |
| 015 |
|
|
|a cnb001283447
|
| 020 |
|
|
|a 80-247-0686-5
|q (brož.)
|
| 035 |
|
|
|a (OCoLC)61459527
|
| 040 |
|
|
|a BOA001
|b cze
|
| 072 |
|
7 |
|a 339.5
|x Zahraniční obchod. Mezinárodní obchod
|2 Konspekt
|9 4
|
| 072 |
|
7 |
|a 37.016
|x Učební osnovy. Vyučovací předměty. Učebnice
|2 Konspekt
|9 22
|
| 080 |
|
|
|a 339.5
|2 MRF
|
| 080 |
|
|
|a 339.54/.56
|2 MRF
|
| 080 |
|
|
|a (075.8)
|2 MRF
|
| 100 |
1 |
|
|a Machková, Hana
|7 jn20010310427
|4 aut
|
| 245 |
1 |
0 |
|a Mezinárodní obchodní operace /
|c Hana Machková, Eva Černohlávková, Alexej Sato a kolektiv
|
| 250 |
|
|
|a 3. přeprac. vyd.
|
| 260 |
|
|
|a Praha :
|b Grada,
|c 2003
|
| 300 |
|
|
|a 230 s. :
|b il. ;
|c 24 cm
|
| 504 |
|
|
|a Obsahuje bibliografii, bibliografické odkazy a rejstřík
|
| 650 |
0 |
7 |
|a mezinárodní obchod
|7 ph115283
|2 czenas
|
| 650 |
0 |
7 |
|a obchodní operace
|7 ph123558
|2 czenas
|
| 655 |
|
7 |
|a učebnice vysokých škol
|7 fd133772
|2 czenas
|
| 700 |
1 |
|
|a Sato, Alexej,
|d 1952-
|7 xx0007856
|4 aut
|
| 700 |
1 |
|
|a Černohlávková, Eva,
|d 1936-2016
|7 jn20010310428
|4 aut
|
| 856 |
4 |
1 |
|u http://www.digitalniknihovna.cz/mzk/uuid/uuid:2cdbb030-7561-11e4-b2f6-005056827e51
|y Digitalizovaný dokument
|x NDK
|
| 910 |
|
|
|a BOA001
|b 2-1123.676
|
| 990 |
|
|
|a BK
|
| 996 |
6 |
|
|b 2610200234
|c 2-1123.676
|l MZK
|r Sklad / do 1 hodiny
|n 3
|p p.v.
|w 000689977
|u 000010
|a 1
|e BOA001
|j MZK50
|s P
|
| 996 |
7 |
|
|b 2610201702
|c 2-1123.676
|l Vol.výběr
|r VV 0p
|n 67
|p kup
|h 339.5 MAC
|w 000689977
|u 000020
|a 0
|e BOA001
|j MZK50
|s A
|